Principios de economía /
Guardado en:
| Autor Principal: | |
|---|---|
| Formato: | Libro |
| Publicado: |
Madrid :
Mcgraw-hill,
2002
|
| Edición: | 2 |
| Materias: | |
| Etiquetas: |
Agregar Etiqueta
Sin Etiquetas, Sea el primero en etiquetar este registro!
|
| LEADER | 00644nam a22002535a 4500 | ||
|---|---|---|---|
| 001 | CEM.cems014145 | ||
| 008 | 130507s2002##################000#0#####d | ||
| 005 | 20210804182859.0 | ||
| 003 | CEMS | ||
| 245 | 1 | 0 | |a Principios de economía / |c Gregory N. Mankiw |
| 250 | |a 2 | ||
| 260 | |a Madrid : |b Mcgraw-hill, |c 2002 | ||
| 300 | |a 47473 p. | ||
| 590 | |a 1197.017 | ||
| 020 | |a 844813446x | ||
| 100 | 1 | |a Mankiw, N. Gregory | |
| 653 | |a Economía | ||
| 653 | |a Biblioteca TC | ||
| 653 | |a Oferta | ||
| 653 | |a Demanda | ||
| 653 | |a Microeconomía | ||
| 653 | |a Macroeconomía | ||
| 653 | |a Mercados | ||
| 859 | |a CEMS |b BIB. CEMS - 11 de abril |h TC |p 1197.013 |t Ej.1 | ||
